Odgadnij polskie miasto po najwyższym budynku - Statystyki

Ogólne statystyki
  • Ten quiz został rozwiązany 12 razy
  • Średni wynik to 6 z 24
Statystyki odpowiedzi
Obrazkowy Odpowiedź % Poprawnych
Warszawa (310)
100%
Wrocław (212)
80%
Katowice (134)
60%
Licheń Stary (141,5)
60%
Rzeszów (221)
50%
Poznań (106)
40%
Szczecin (128)
40%
Gdynia (142)
30%
Częstochowa (106,3)
20%
Gdańsk (180)
20%
Gorzów Wielkopolski (106)
20%
Kraków (105)
20%
Łódź (104,5)
20%
Chojna (102,6)
10%
Toruń (86)
10%
Bielawa (101)
0%
Dąbrowa Górnicza (86)
0%
Elbląg (97)
0%
Gliwice (92)
0%
Rybnik (96)
0%
Stargard (99)
0%
Świdnica (101,2)
0%
Trzebiatów (90)
0%
Włocławek (85)
0%
Nie znaleziono quizów pasujących do podanych kryteriów
Rozkład punktacji
Procent ludzi z każdym wynikiem
Percentyl według liczby udzielonych odpowiedzi
Twoja historia wyników
Nie rozwiązałeś tego quizu